00241 a2200121 4500001000700000020000600007040001100013100002100024240003100045245002600076300000800102362000900110183290 a  cMagnum aBarreto, Antonio10aAntologia poética 2lpor10aAntologia poética 2 a2010 a1977